00488nam a2200193 a 4500001001300000003000900013005001700022008004100039020001000080082001500090100001500105245002800120260004200148300000900190500003500199505002200234650002300256700001500279nice12345678IN_TiNIC20260116011445.0050524s1907 phia grp 000 0 eng  ac10000a220.3bDAV aDavis, J D aDictionary of the Bible aPhiladelphiabWestminster Pressc1907 a802p aincludes index and biblioraphy2 aAppendix, Indices aBible-Dictionaries1 aDavis, J D